Macroeconometrics and time series analysis / (Record no. 534768)

000 -LEADER
fixed length control field 04083cam a2200541 a 4500
001 - CONTROL NUMBER
control field 17292378
003 - CONTROL NUMBER IDENTIFIER
control field NUST
005 - DATE AND TIME OF LATEST TRANSACTION
control field 20200514113741.0
008 - FIXED-LENGTH DATA ELEMENTS--GENERAL INFORMATION
fixed length control field 120509s2010 enka b 001 0 eng d
010 ## - LIBRARY OF CONGRESS CONTROL NUMBER
LC control number 2012392923
015 ## - NATIONAL BIBLIOGRAPHY NUMBER
National bibliography number GBA976340
Source bnb
015 ## - NATIONAL BIBLIOGRAPHY NUMBER
National bibliography number 015-34128
Source bnb
015 ## - NATIONAL BIBLIOGRAPHY NUMBER
National bibliography number GBA976340
Source dnb
016 7# - NATIONAL BIBLIOGRAPHIC AGENCY CONTROL NUMBER
Record control number 015341287
Source Uk
020 ## - INTERNATIONAL STANDARD BOOK NUMBER
International Standard Book Number 9780230238848 (hbk.)
020 ## - INTERNATIONAL STANDARD BOOK NUMBER
International Standard Book Number 023023884X (hbk.)
020 ## - INTERNATIONAL STANDARD BOOK NUMBER
International Standard Book Number 0230238858 (pbk.)
020 ## - INTERNATIONAL STANDARD BOOK NUMBER
International Standard Book Number 9780230238855 (pbk.)
035 ## - SYSTEM CONTROL NUMBER
System control number (OCoLC)ocn429023945
038 ## - RECORD CONTENT LICENSOR
Staff Name waseem
040 ## - CATALOGING SOURCE
Original cataloging agency UKM
Language of cataloging eng
Transcribing agency UKM
Modifying agency BTCTA
-- BWKUK
-- CDX
-- GBVCP
-- DEBBG
-- OCL
-- YDXCP
-- OCL
-- EU0
-- TULIB
-- DLC
042 ## - AUTHENTICATION CODE
Authentication code ukscp
-- lccopycat
050 00 - LIBRARY OF CONGRESS CALL NUMBER
Classification number HB172.5
Item number .M324 2010
082 04 - DEWEY DECIMAL CLASSIFICATION NUMBER
Classification number 339.015195
Author Mark DUR
084 ## - OTHER CLASSIFICATION NUMBER
Classification number QH 237
Number source rvk
245 00 - TITLE STATEMENT
Title Macroeconometrics and time series analysis /
Statement of responsibility, etc. edited by Steven N. Durlauf, Lawrence E. Blume.
260 ## - PUBLICATION, DISTRIBUTION, ETC.
Place of publication, distribution, etc. Basingstoke :
Name of publisher, distributor, etc. Palgrave Macmillan,
Date of publication, distribution, etc. 2010.
300 ## - PHYSICAL DESCRIPTION
Extent viii, 406 p. :
Other physical details ill. ;
Dimensions 24 cm.
440 #0 - SERIES STATEMENT/ADDED ENTRY--TITLE
Title The new Palgrave economics collection
9 (RLIN) 29114
500 ## - GENERAL NOTE
General note "All articles first published in The new Palgrave dictionary of economics, 2nd ed., 2008"--T.p. verso.
504 ## - BIBLIOGRAPHY, ETC. NOTE
Bibliography, etc. note Includes bibliographical references and index.
505 0# - FORMATTED CONTENTS NOTE
Formatted contents note Aggregation (econometrics) / Thomas M. Stoker -- ARCH models / Oliver B. Linton -- Bayesian methods in macroeconometrics / Frank Schorfheide -- Bayesian times series analysis / Mark F.J. Steel -- Central limit theorems / Werner Ploberger -- Cointegration / Mark W. Watson -- Continuous and discrete time models / Christopher A. Sims -- Data filters / Timothy Cogley -- Equilibrium-correction models / David F. Hendry -- Forecasting / Clive W.J. Granger -- Fractals / Laurent E. Calvet -- Functional central limit theorems / Werner Ploberger -- Generalized method of moments estimation / Lars Peter Hansen -- Granger-Sims causality -- G.M. Kuersteiner -- Heteroskedasticity and autocorrelation corrections / Kenneth D. West -- Impulse response function / Helmut Lütkepohl -- Kalman and particle filtering / Jesús Fernández-Villaverde -- Law(s) of large numbers / Werner Ploberger -- Long memory models / P.M. Robinson -- Nonlinear time series analysis / Bruce Mizrach -- Prediction formulas / Charles H. Whiteman and Kurt F. Lewis -- Rational expectations / Thomas J. Sargent -- Regime switching models / James D. Hamilton -- Seasonal adjustment / Svend Hylleberg -- Serial correlation and serial dependence / Yongmiao Hong -- SNP : nonparametric time series analysis / A. Ronald Gallant -- Spectral analysis / Timothy J. Vogelsang -- Spline functions / Dale J. Poirier -- Spurious regressions / Clive W.J. Granger -- State space models / Andrew Harvey -- Stochastic volatility models / Neil Shepard -- Structural change, econometrics of / Pierre Perron -- Structural vector autoregressions / Jesús Fernández-Villaverde and Juan F. Rubio-Ramírez -- Threshold models / Timo Teräsvirta -- Time series analysis / Francis X. Diebold, Lutz Kilian and Marc Nerlove -- Trend/cycle decomposition / Charles R. Nelson -- Unit roots / Peter C.B. Phillips -- Variance decomposition / Helmut Lütkepohl -- Varying coefficient models / Andros Kourtellos and Thanasis Stengos -- Vector autoregressions / Tao Zha -- Wavelets / James B. Ramsey.
650 #0 - SUBJECT ADDED ENTRY--TOPICAL TERM
Topical term or geographic name entry element Time-series analysis.
9 (RLIN) 10607
650 #0 - SUBJECT ADDED ENTRY--TOPICAL TERM
Topical term or geographic name entry element Macroeconomics
General subdivision Econometric models.
9 (RLIN) 18130
650 #7 - SUBJECT ADDED ENTRY--TOPICAL TERM
Topical term or geographic name entry element Makroökonomik.
Source of heading or term stw
9 (RLIN) 29115
650 #7 - SUBJECT ADDED ENTRY--TOPICAL TERM
Topical term or geographic name entry element Ökonometrisches Makromodell.
Source of heading or term stw
9 (RLIN) 29116
650 #7 - SUBJECT ADDED ENTRY--TOPICAL TERM
Topical term or geographic name entry element Zeitreihenanalyse.
Source of heading or term stw
9 (RLIN) 29117
650 07 - SUBJECT ADDED ENTRY--TOPICAL TERM
Topical term or geographic name entry element Makroökonomie.
Source of heading or term swd
9 (RLIN) 29118
650 07 - SUBJECT ADDED ENTRY--TOPICAL TERM
Topical term or geographic name entry element Zeitreihenanalyse.
Source of heading or term swd
9 (RLIN) 29117
650 07 - SUBJECT ADDED ENTRY--TOPICAL TERM
Topical term or geographic name entry element Ökonometrisches Modell.
Source of heading or term swd
9 (RLIN) 29119
655 #7 - INDEX TERM--GENRE/FORM
Genre/form data or focus term Aufsatzsammlung.
Source of term swd
9 (RLIN) 2047
700 1# - ADDED ENTRY--PERSONAL NAME
Personal name Durlauf, Steven N.
9 (RLIN) 29120
700 1# - ADDED ENTRY--PERSONAL NAME
Personal name Blume, Lawrence.
9 (RLIN) 29121
730 0# - ADDED ENTRY--UNIFORM TITLE
Uniform title New Palgrave dictionary of economics.
Version 2nd ed.
9 (RLIN) 29122
906 ## - LOCAL DATA ELEMENT F, LDF (RLIN)
a 7
b cbc
c copycat
d 2
e ncip
f 20
g y-gencatlg
942 ## - ADDED ENTRY ELEMENTS (KOHA)
Source of classification or shelving scheme
Koha item type Book
Holdings
Withdrawn status Lost status Source of classification or shelving scheme Damaged status Not for loan Permanent Location Current Location Date acquired Source of acquisition Total Checkouts Full call number Barcode Date last seen Price effective from Koha item type
          Central Library (CL) Central Library (CL) 05/14/2020 Golden Books   339.015195 DUR CL-276 05/14/2020 05/14/2020 Book
          Central Library (CL) Central Library (CL) 05/14/2020 Golden Books   339.015195 DUR CL-277 05/14/2020 05/14/2020 Book
          Central Library (CL) Central Library (CL) 05/14/2020 Golden Books   339.015195 DUR CL-278 05/14/2020 05/14/2020 Book
© 2023 Central Library, National University of Sciences and Technology. All Rights Reserved.